[Event "Bialystok Zamenhof Memorial-C 35th"]
[Site "Bialystok"]
[Date "2017.12.29"]
[Round "6.6"]
[White "Szybka, Andrzej"]
[Black "Zianowicz, Dominik"]
[Result "1/2-1/2"]
[WhiteElo "1949"]
[BlackElo "1902"]
[PlyCount "56"]
[EventDate "2017.12.27"]
[EventType "swiss"]
[EventRounds "9"]
[EventCountry "POL"]
[SourceTitle "EXT 2023"]
[Source "ChessBase"]
[SourceDate "2022.10.05"]
[SourceVersion "1"]
[SourceVersionDate "2022.10.05"]
[SourceQuality "1"]

1. d4 Nf6 2. Bf4 d5 3. e3 Bf5 4. c3 c6 5. Nd2 e6 6. Ngf3 h6 7. Ne5 Nbd7 8. Be2 Nxe5 9. dxe5 Ne4 10. Nf3 g5 11. Bg3 h5 12. h3 Qb6 13. Qb3 Nxg3 14. Qxb6 axb6 15. fxg3 Rg8 16. Nd4 Bg6 17. g4 h4 18. Kd2 Be4 19. Nf3 Be7 20. Bd3 Ra4 21. b3 Ra3 22. Kc2 Bxd3+ 23. Kxd3 Kd7 24. Kc2 Rga8 25. Kb2 b5 26. Rhf1 c5 27. Rfd1 Ke8 28. Re1 R3a6 1/2-1/2

[Event "Bialystok Zamenhof Memorial-C 35th"]
[Site "Bialystok"]
[Date "2017.12.27"]
[Round "1.6"]
[White "Lendzion, Kamil"]
[Black "Szybka, Andrzej"]
[Result "0-1"]
[WhiteElo "1671"]
[BlackElo "1949"]
[PlyCount "50"]
[EventDate "2017.12.27"]
[EventType "swiss"]
[EventRounds "9"]
[EventCountry "POL"]
[SourceTitle "EXT 2023"]
[Source "ChessBase"]
[SourceDate "2022.10.05"]
[SourceVersion "1"]
[SourceVersionDate "2022.10.05"]
[SourceQuality "1"]

1. e4 c5 2. Nf3 d6 3. d4 cxd4 4. Nxd4 Nf6 5. Nc3 g6 6. Be3 Bg7 7. Bc4 0-0 8. f3 Nc6 9. Qd2 Bd7 10. 0-0-0 Rc8 11. Bb3 Ne5 12. Kb1 Nc4 13. Bxc4 Rxc4 14. g4 Re8 15. h4 h5 16. g5 Nh7 17. Rhg1 Nf8 18. Qd3 Qc8 19. Nd5 Ne6 20. Nxe6 Bxe6 21. Rg2 Bxd5 22. Qxd5 Rb4 23. Bd4 Bxd4 24. Rxd4 Qc3 25. Kc1 Qxb2+ 0-1

[Event "Wroclaw op 9th"]
[Site "Wroclaw"]
[Date "2014.06.29"]
[Round "2"]
[White "Szybka, Andrzej"]
[Black "Dytman, Radoslaw"]
[Result "1-0"]
[WhiteElo "2027"]
[BlackElo "1231"]
[PlyCount "23"]
[EventDate "2014.06.29"]
[EventType "swiss"]
[EventRounds "9"]
[EventCountry "POL"]
[SourceTitle "EXT 2015"]
[Source "ChessBase"]
[SourceDate "2014.11.20"]
[SourceVersion "1"]
[SourceVersionDate "2014.11.20"]
[SourceQuality "1"]

1. e4 e5 2. Nf3 Nc6 3. Bc4 Nf6 4. Ng5 d5 5. exd5 Na5 6. Bb5+ Bd7 7. Qe2 Bd6 8. Nc3 h6 9. Nge4 Qe7 10. Nxf6+ gxf6 11. Bxd7+ Kxd7 12. Ne4 1-0

[Event "Polanica Zdroj op-D 49th"]
[Site "Polanica Zdroj"]
[Date "2013.08.24"]
[Round "8"]
[White "Szybka, Andrzej"]
[Black "Nowak, Mikolaj"]
[Result "1/2-1/2"]
[WhiteElo "1994"]
[BlackElo "1626"]
[PlyCount "140"]
[EventDate "2013.08.17"]
[EventType "swiss"]
[EventRounds "9"]
[EventCountry "POL"]
[SourceTitle "EXT 2014"]
[Source "ChessBase"]
[SourceDate "2013.11.20"]
[SourceVersion "1"]
[SourceVersionDate "2013.11.20"]
[SourceQuality "1"]

1. e4 c6 2. d4 d5 3. Nd2 dxe4 4. Nxe4 Bf5 5. Ng3 Bg6 6. h4 h6 7. Nf3 Nd7 8. h5 Bh7 9. Bd3 Bxd3 10. Qxd3 Qc7 11. Bd2 Ngf6 12. 0-0-0 e6 13. Qe2 0-0-0 14. Ne5 Nxe5 15. dxe5 Nd5 16. f4 Be7 17. a3 c5 18. c4 Nb6 19. Ba5 Qc6 20. Bxb6 axb6 21. Ne4 Rd4 22. Rxd4 cxd4 23. Kb1 Rd8 24. Rd1 f5 25. exf6 Bxf6 26. Nxf6 gxf6 27. g4 Kb8 28. g5 fxg5 29. Qe5+ Qd6 30. Qxd6+ Rxd6 31. fxg5 hxg5 32. Rg1 d3 33. Kc1 e5 34. Rxg5 e4 35. Re5 Rh6 36. Kd2 Kc7 37. b4 Kd6 38. Rd5+ Kc6 39. Ke3 Rh7 40. Re5 Rh6 41. Rg5 Kc7 42. Re5 Kc6 43. Rxe4 Rxh5 44. Kxd3 Rh1 45. Re6+ Kc7 46. Re3 Kc6 47. Kc3 Rc1+ 48. Kb3 Rb1+ 49. Ka4 Rc1 50. Re4 Rc2 51. Rh4 Rc1 52. Rh6+ Kc7 53. Kb5 Rc3 54. a4 Rb3 55. Rh7+ Kc8 56. Rh8+ Kc7 57. Rh7+ Kc8 58. Rh6 Kc7 59. Rxb6 Rxb4+ 60. Kxb4 Kxb6 61. a5+ Kc6 62. Kb3 Kc5 63. Kc3 Kd6 64. Kb4 Kc6 65. c5 Kd7 66. Kc3 Kc6 67. Kc4 Kd7 68. Kb5 Kc7 69. a6 bxa6+ 70. Kxa6 Kc6 1/2-1/2

[Event "Polanica Zdroj op-D 49th"]
[Site "Polanica Zdroj"]
[Date "2013.08.22"]
[Round "6"]
[White "Szybka, Andrzej"]
[Black "Osinski, Emil"]
[Result "1/2-1/2"]
[WhiteElo "1994"]
[BlackElo "1833"]
[PlyCount "69"]
[EventDate "2013.08.17"]
[EventType "swiss"]
[EventRounds "9"]
[EventCountry "POL"]
[SourceTitle "EXT 2014"]
[Source "ChessBase"]
[SourceDate "2013.11.20"]
[SourceVersion "1"]
[SourceVersionDate "2013.11.20"]
[SourceQuality "1"]

1. e4 c5 2. Nf3 e6 3. d4 cxd4 4. Nxd4 Nc6 5. Nc3 Qc7 6. Be3 a6 7. Bd3 Nf6 8. 0-0 Bd6 9. h3 Nxd4 10. Bxd4 b5 11. Kh1 Bc5 12. Bxc5 Qxc5 13. Qe2 b4 14. Nd1 d6 15. a3 0-0 16. axb4 Qxb4 17. Ra3 Bd7 18. Nc3 a5 19. f4 Bc6 20. e5 Nd7 21. Rb3 Qc5 22. Ne4 Bxe4 23. Qxe4 g6 24. Qb7 Ra7 25. Qe4 dxe5 26. Rb5 Qd4 27. fxe5 Qxe4 28. Bxe4 Rc8 29. Ra1 Rc5 30. Rxc5 Nxc5 31. Bf3 a4 32. Bc6 Ra6 33. Bb5 Ra5 34. Bc6 Ra6 35. Bb5 1/2-1/2

[Event "Polanica Zdroj op-D 49th"]
[Site "Polanica Zdroj"]
[Date "2013.08.20"]
[Round "4"]
[White "Szybka, Andrzej"]
[Black "Pilzak, Marcin"]
[Result "1/2-1/2"]
[WhiteElo "1994"]
[BlackElo "1773"]
[PlyCount "68"]
[EventDate "2013.08.17"]
[EventType "swiss"]
[EventRounds "9"]
[EventCountry "POL"]
[SourceTitle "EXT 2014"]
[Source "ChessBase"]
[SourceDate "2013.11.20"]
[SourceVersion "1"]
[SourceVersionDate "2013.11.20"]
[SourceQuality "1"]

1. e4 c5 2. Nf3 d6 3. d4 cxd4 4. Nxd4 Nf6 5. Nc3 e6 6. g4 Nc6 7. g5 Nd7 8. Be3 a6 9. h4 Qc7 10. h5 b5 11. a3 Be7 12. Rg1 Na5 13. f4 Nc4 14. Bxc4 Qxc4 15. g6 hxg6 16. hxg6 fxg6 17. Qd3 Qxd3 18. cxd3 Nc5 19. 0-0-0 Rh3 20. Nc2 Kf7 21. b4 Nd7 22. Rh1 Rxh1 23. Rxh1 Bb7 24. Kd2 Rc8 25. Nd4 Bf6 26. Nde2 d5 27. Bd4 dxe4 28. dxe4 Bxd4 29. Nxd4 Nb6 30. Nf3 Nc4+ 31. Kd3 Nb2+ 32. Kd2 Nc4+ 33. Kd3 Nb2+ 34. Kd2 Nc4+ 1/2-1/2

[Event "Polanica Zdroj op-D 49th"]
[Site "Polanica Zdroj"]
[Date "2013.08.17"]
[Round "1"]
[White "Szybka, Andrzej"]
[Black "Domanski, Lukasz"]
[Result "1-0"]
[WhiteElo "1994"]
[BlackElo "1603"]
[PlyCount "107"]
[EventDate "2013.08.17"]
[EventType "swiss"]
[EventRounds "9"]
[EventCountry "POL"]
[SourceTitle "EXT 2014"]
[Source "ChessBase"]
[SourceDate "2013.11.20"]
[SourceVersion "1"]
[SourceVersionDate "2013.11.20"]
[SourceQuality "1"]

1. e4 c5 2. Nf3 e6 3. d4 cxd4 4. Nxd4 a6 5. Nc3 Qc7 6. Bd3 Nc6 7. Nxc6 dxc6 8. 0-0 e5 9. a4 a5 10. Kh1 Nf6 11. f4 Bd6 12. f5 Bc5 13. Bg5 Qe7 14. Ne2 Qd8 15. Ng3 Be7 16. Bxf6 Bxf6 17. Nh5 0-0 18. Bc4 Qe7 19. Qe2 b6 20. Rad1 Bb7 21. Qe3 c5 22. Bd5 Bxd5 23. Rxd5 Rfd8 24. Rfd1 Bg5 25. Qb3 Rab8 26. Ng3 Bh4 27. Ne2 h6 28. g3 Bg5 29. Nc3 Qe8 30. Rd6 Rxd6 31. Rxd6 Bd8 32. Nd5 Kh7 33. Qb5 Qf8 34. Rc6 Kg8 35. Kg2 Qe8 36. Rxc5 Qf8 37. Rc6 Qe8 38. c4 Qf8 39. c5 Qe8 40. cxb6 Qd7 41. Qc5 Kh7 42. Qd6 Qxd6 43. Rxd6 Kg8 44. Kf2 Kf8 45. Ke2 Ke8 46. Kd3 Rc8 47. Nc7+ Ke7 48. Rd5 Bxc7 49. bxc7 Rxc7 50. Rxe5+ Kd6 51. Rxa5 Kc6 52. b4 Kb6 53. Rb5+ Ka6 54. Rc5 1-0

[Event "Polanica Zdroj op-B 49th"]
[Site "Polanica Zdroj"]
[Date "2013.08.??"]
[Round "2"]
[White "Jurkiewicz, Krzysztof"]
[Black "Szybka, Andrzej"]
[Result "0-1"]
[WhiteElo "2105"]
[BlackElo "1999"]
[PlyCount "102"]
[EventDate "2013.08.17"]
[EventType "swiss"]
[EventRounds "9"]
[EventCountry "POL"]
[SourceTitle "CBM 156 Extra"]
[Source "ChessBase"]
[SourceDate "2013.10.22"]
[SourceVersion "1"]
[SourceVersionDate "2013.10.22"]
[SourceQuality "1"]

1. d4 d5 2. c4 c6 3. Nf3 e6 4. e3 Nf6 5. Nc3 Nbd7 6. Qc2 Bd6 7. Bd3 dxc4 8. Bxc4 b5 9. Bd3 Bb7 10. 0-0 Rc8 11. e4 e5 12. h3 0-0 13. Be3 exd4 14. Bxd4 b4 15. Nd1 c5 16. Bxf6 Qxf6 17. Ne3 Ne5 18. Nxe5 Qxe5 19. g3 Bb8 20. Rfe1 h5 21. Nf5 g6 22. f4 Qe8 23. Ne3 h4 24. Ng4 Qc6 25. Bc4 hxg3 26. Nh6+ Kg7 27. Nxf7 Rxf7 28. Bxf7 Kxf7 29. Qb3+ Qe6 30. Qxg3 Rh8 31. Re3 a5 32. Rd1 c4 33. f5 Qc6 34. fxg6+ Kg7 35. Qg5 Bd6 36. Rf1 Rf8 37. Rf7+ Rxf7 38. gxf7+ Kxf7 39. Rf3+ Ke8 40. Qg8+ Kd7 41. Rf7+ Be7 42. Qg4+ Qe6 43. Rxe7+ Kxe7 44. Qg7+ Qf7 45. Qe5+ Kd7 46. Qd4+ Kc7 47. Qc5+ Kb8 48. Qd6+ Qc7 49. Qd4 Qg3+ 50. Kf1 Qxh3+ 51. Ke2 Qg2+ 0-1

[Event "Polanica Zdroj op-B 49th"]
[Site "Polanica Zdroj"]
[Date "2013.08.??"]
[Round "9"]
[White "Szybka, Andrzej"]
[Black "Grela, Kacper"]
[Result "1-0"]
[WhiteElo "1999"]
[BlackElo "2003"]
[PlyCount "81"]
[EventDate "2013.08.17"]
[EventType "swiss"]
[EventRounds "9"]
[EventCountry "POL"]
[SourceTitle "CBM 156 Extra"]
[Source "ChessBase"]
[SourceDate "2013.10.22"]
[SourceVersion "1"]
[SourceVersionDate "2013.10.22"]
[SourceQuality "1"]

1. e4 c5 2. Nf3 Nc6 3. d4 cxd4 4. Nxd4 Nf6 5. Nc3 e5 6. Ndb5 d6 7. Bg5 a6 8. Bxf6 gxf6 9. Na3 b5 10. Nd5 f5 11. c3 Bg7 12. exf5 Bxf5 13. Nc2 Be6 14. Nce3 Ne7 15. Nxe7 Qxe7 16. a4 0-0 17. Be2 f5 18. 0-0 Rad8 19. axb5 axb5 20. Ra6 f4 21. Nd5 Qb7 22. Nb4 Rf6 23. Rxd6 Rdf8 24. Rxe6 Rxe6 25. Qb3 Qf7 26. Bxb5 f3 27. Bc4 Rfe8 28. Rd1 Qg6 29. g3 Qf5 30. Rd6 Kf8 31. Bxe6 Rxe6 32. Qd1 e4 33. Rxe6 Qxe6 34. Qd8+ Kf7 35. Qd5 Qxd5 36. Nxd5 Ke6 37. Ne3 Kd7 38. Kf1 Kc6 39. Ke1 Kb5 40. Nf5 Be5 41. Kd2 1-0

[Event "Wroclaw op-B 8th"]
[Site "Wroclaw"]
[Date "2013.07.07"]
[Round "7"]
[White "Kowalczyk, Mariusz"]
[Black "Szybka, Andrzej"]
[Result "1/2-1/2"]
[WhiteElo "1962"]
[BlackElo "1999"]
[PlyCount "29"]
[EventDate "2013.07.01"]
[EventType "swiss"]
[EventRounds "9"]
[EventCountry "POL"]
[SourceTitle "EXT 2014"]
[Source "ChessBase"]
[SourceDate "2013.11.20"]
[SourceVersion "1"]
[SourceVersionDate "2013.11.20"]
[SourceQuality "1"]

1. e4 c5 2. c3 Nc6 3. d4 cxd4 4. cxd4 d5 5. e5 Bf5 6. Nc3 e6 7. Nf3 Bb4 8. Be2 Nge7 9. 0-0 0-0 10. Be3 Bxc3 11. bxc3 Rc8 12. Qa4 Qa5 13. Qb3 Qc7 14. Rfc1 Na5 15. Qa4 1/2-1/2

[Event "Polanica Zdroj op-D 48th"]
[Site "Polanica Zdroj"]
[Date "2012.08.19"]
[Round "2"]
[White "Lukasiewicz, Krzysztof"]
[Black "Szybka, Andrzej"]
[Result "1/2-1/2"]
[WhiteElo "1648"]
[BlackElo "1965"]
[PlyCount "85"]
[EventDate "2012.08.18"]
[EventType "swiss"]
[EventRounds "9"]
[EventCountry "POL"]
[SourceTitle "EXT 2014"]
[Source "ChessBase"]
[SourceDate "2013.11.20"]
[SourceVersion "1"]
[SourceVersionDate "2013.11.20"]
[SourceQuality "1"]

1. e4 c5 2. Nf3 Nc6 3. d4 cxd4 4. Nxd4 Nf6 5. Nc3 e5 6. Ndb5 d6 7. a4 Be7 8. Be2 a6 9. Na3 Nd4 10. Bc4 0-0 11. 0-0 Rb8 12. Qd3 Nd7 13. Be3 Nc5 14. Qd1 b5 15. axb5 axb5 16. Ncxb5 Nxb5 17. Bxc5 Nd4 18. Bxd4 exd4 19. b3 Bf6 20. Qd3 Bb7 21. Ra2 Re8 22. f3 d5 23. Bxd5 Bxd5 24. exd5 Re3 25. Qd2 Qxd5 26. Nc4 Rc3 27. Ra5 Qd8 28. Re1 d3 29. Ra2 Qd4+ 30. Kf1 Qh4 31. g3 Qh3+ 32. Kg1 dxc2 33. Rxc2 Rxf3 34. Qe2 Qe6 35. Qxe6 fxe6 36. Rxe6 Rfxb3 37. Re1 h5 38. Rce2 Kh7 39. Ne3 Bd4 40. Kg2 Rb2 41. Nc4 Rxe2+ 42. Rxe2 Rc8 43. Nd6 1/2-1/2

[Event "Polanica Zdroj op-D 48th"]
[Site "Polanica Zdroj"]
[Date "2012.08.18"]
[Round "1"]
[White "Szybka, Andrzej"]
[Black "Kolasa, Zbigniew"]
[Result "1-0"]
[WhiteElo "1965"]
[BlackElo "1546"]
[PlyCount "67"]
[EventDate "2012.08.18"]
[EventType "swiss"]
[EventRounds "9"]
[EventCountry "POL"]
[SourceTitle "EXT 2014"]
[Source "ChessBase"]
[SourceDate "2013.11.20"]
[SourceVersion "1"]
[SourceVersionDate "2013.11.20"]
[SourceQuality "1"]

1. e4 e6 2. d4 d5 3. Nd2 Nf6 4. e5 Nfd7 5. Bd3 c5 6. c3 Nc6 7. Ne2 Qb6 8. Nf3 cxd4 9. cxd4 Qb4+ 10. Bd2 Qxb2 11. Rb1 Qa3 12. Rb3 Qe7 13. Bg5 f6 14. exf6 gxf6 15. Bh4 Bh6 16. 0-0 a6 17. Ng3 Qf7 18. Re1 Kf8 19. Qe2 e5 20. Nf5 Qh5 21. Ng3 Qf7 22. dxe5 fxe5 23. Bf5 e4 24. Ng5 Bxg5 25. Bxg5 Nc5 26. Bh6+ Ke8 27. Nxe4 Nxe4 28. Bxe4 dxe4 29. Qxe4+ Qe7 30. Qxe7+ Nxe7 31. Rbe3 Bf5 32. Rxe7+ Kd8 33. Bg5 Kc8 34. Rc1+ 1-0

[Event "Kowalewo Pomorskie op-B 17th"]
[Site "Kowalewo Pomorskie"]
[Date "2010.07.09"]
[Round "8"]
[White "Borkowski, Adam"]
[Black "Szybka, Andrzej"]
[Result "0-1"]
[WhiteElo "1827"]
[BlackElo "1940"]
[PlyCount "80"]
[EventDate "2010.07.04"]
[EventType "swiss"]
[EventRounds "9"]
[EventCountry "POL"]
[SourceTitle "EXT 2011"]
[Source "ChessBase"]
[SourceDate "2010.11.26"]
[SourceVersion "1"]
[SourceVersionDate "2010.11.26"]
[SourceQuality "1"]

1. c4 e6 2. Nc3 Nf6 3. Nf3 d5 4. cxd5 exd5 5. d4 c6 6. Bf4 Be7 7. h3 0-0 8. e3 Re8 9. Bd3 Nbd7 10. Qc2 Nf8 11. Ne5 N6d7 12. 0-0 Nxe5 13. Bxe5 Bd6 14. Bxd6 Qxd6 15. Ne2 b6 16. Nf4 Bb7 17. Rac1 g6 18. a3 Nd7 19. b4 b5 20. Qb3 Nb6 21. Be2 Nc4 22. Rfd1 a5 23. Ra1 axb4 24. axb4 Qe7 25. Kh1 Qh4 26. Nd3 Rad8 27. Kh2 Bc8 28. Bf1 Bf5 29. g3 Qf6 30. Ra2 Re7 31. Nc5 Rde8 32. Bxc4 dxc4 33. Qb2 Qg5 34. Qe2 Qh6 35. g4 Be4 36. Rg1 Qg5 37. Ra6 Qd5 38. Qd2 f5 39. f4 Bd3 40. Rg3 Be4 0-1

[Event "Kowalewo Pomorskie op-B 17th"]
[Site "Kowalewo Pomorskie"]
[Date "2010.07.09"]
[Round "7"]
[White "Szybka, Andrzej"]
[Black "Hrynkiewicz, Jakub"]
[Result "1-0"]
[WhiteElo "1940"]
[BlackElo "1620"]
[PlyCount "45"]
[EventDate "2010.07.04"]
[EventType "swiss"]
[EventRounds "9"]
[EventCountry "POL"]
[SourceTitle "EXT 2011"]
[Source "ChessBase"]
[SourceDate "2010.11.26"]
[SourceVersion "1"]
[SourceVersionDate "2010.11.26"]
[SourceQuality "1"]

1. e4 e6 2. d4 d5 3. Nc3 Bb4 4. e5 c5 5. a3 cxd4 6. axb4 dxc3 7. Bd3 Nc6 8. Nf3 Qc7 9. Bb5 cxb2 10. Bxb2 Nge7 11. 0-0 0-0 12. Qd2 Ng6 13. Rfe1 f6 14. h4 h6 15. h5 Nge7 16. Nh4 a5 17. Ra3 Nxb4 18. Rc3 Qd8 19. Rg3 Kh8 20. Bc1 Na2 21. Rxg7 Kxg7 22. Qxh6+ Kg8 23. Bg5 1-0

[Event "Kowalewo Pomorskie op-B 17th"]
[Site "Kowalewo Pomorskie"]
[Date "2010.07.07"]
[Round "5"]
[White "Szybka, Andrzej"]
[Black "Worobiej, Daniel"]
[Result "1/2-1/2"]
[WhiteElo "1940"]
[BlackElo "1736"]
[PlyCount "92"]
[EventDate "2010.07.04"]
[EventType "swiss"]
[EventRounds "9"]
[EventCountry "POL"]
[SourceTitle "EXT 2011"]
[Source "ChessBase"]
[SourceDate "2010.11.26"]
[SourceVersion "1"]
[SourceVersionDate "2010.11.26"]
[SourceQuality "1"]

1. e4 d6 2. d4 Nf6 3. Nc3 g6 4. f3 Bg7 5. Be3 Nbd7 6. Qd2 c6 7. 0-0-0 b5 8. Kb1 b4 9. Nce2 a5 10. g4 Nb6 11. Nc1 d5 12. e5 Nfd7 13. Bh6 0-0 14. h4 f6 15. h5 g5 16. Bxg5 fxg5 17. h6 Bf6 18. exf6 exf6 19. f4 Nc4 20. Bxc4 dxc4 21. fxg5 fxg5 22. Rh5 Kh8 23. d5 Nf6 24. Rxg5 Bxg4 25. Rf1 Qd6 26. Qd4 c5 27. Qxc4 Rg8 28. Rxf6 Qxf6 29. Rxg4 Rxg4 30. Qxg4 Rg8 31. Qf3 Qxh6 32. Nge2 Rf8 33. Qg4 a4 34. Qc4 Qd6 35. Nd3 h5 36. c3 bxc3 37. Qxc3+ Qf6 38. Qxf6+ Rxf6 39. Nxc5 h4 40. Ne4 Kg7 41. Nxf6 Kxf6 42. Kc2 Ke5 43. d6 Kxd6 44. Kd3 h3 45. Ke3 h2 46. Ng3 Kd5 1/2-1/2

[Event "Kowalewo Pomorskie op-B 17th"]
[Site "Kowalewo Pomorskie"]
[Date "2010.07.06"]
[Round "3"]
[White "Szybka, Andrzej"]
[Black "Kropidlowski, Maciej"]
[Result "1-0"]
[WhiteElo "1940"]
[BlackElo "1690"]
[PlyCount "53"]
[EventDate "2010.07.04"]
[EventType "swiss"]
[EventRounds "9"]
[EventCountry "POL"]
[SourceTitle "EXT 2011"]
[Source "ChessBase"]
[SourceDate "2010.11.26"]
[SourceVersion "1"]
[SourceVersionDate "2010.11.26"]
[SourceQuality "1"]

1. e4 e6 2. d4 d5 3. Nc3 Bb4 4. e5 c5 5. a3 Bxc3+ 6. bxc3 Qc7 7. Qg4 cxd4 8. Qxg7 Qxc3+ 9. Kd1 Qxa1 10. Qxh8 Kf8 11. Bd3 Nc6 12. Nf3 Nce7 13. Ng5 Ke8 14. Qxh7 Kd8 15. Qxf7 Qc3 16. h4 Kc7 17. h5 Kb6 18. h6 Nxh6 19. Rxh6 Nc6 20. Nf3 Qc5 21. g4 Nd8 22. Qf4 Nc6 23. Rh8 Qe7 24. Nxd4 Qg7 25. Nxc6 bxc6 26. Qb4+ Kc7 27. Rh7 1-0

[Event "POL-ch U18"]
[Site "Chotowa"]
[Date "2009.04.01"]
[Round "6"]
[White "Szybka, Andrzej"]
[Black "Karski, Lukasz"]
[Result "0-1"]
[WhiteElo "1935"]
[BlackElo "1963"]
[PlyCount "108"]
[EventDate "2009.03.28"]
[EventType "swiss"]
[EventRounds "11"]
[EventCountry "POL"]
[SourceTitle "EXT 2011"]
[Source "ChessBase"]
[SourceDate "2010.11.26"]
[SourceVersion "1"]
[SourceVersionDate "2010.11.26"]
[SourceQuality "1"]

1. e4 e6 2. d4 d5 3. Nc3 Bb4 4. e5 c5 5. a3 Bxc3+ 6. bxc3 Ne7 7. h4 Qc7 8. Nf3 Bd7 9. a4 Qa5 10. Bd2 c4 11. h5 h6 12. Nh4 Nbc6 13. Rh3 0-0-0 14. Rf3 Rdf8 15. Rf4 Nf5 16. Nf3 f6 17. g4 Nfe7 18. exf6 gxf6 19. Qe2 Qc7 20. Bh3 Qd6 21. Kf1 e5 22. dxe5 fxe5 23. Rxf8+ Rxf8 24. Kg1 Qf6 25. Nh2 e4 26. Qe3 Ng8 27. Rf1 Qg7 28. f4 exf3 29. Rxf3 Rxf3 30. Qxf3 Nf6 31. Qf4 Nxh5 32. Qxh6 Qxh6 33. Bxh6 Nf6 34. Bg7 Ne8 35. Bh8 Ne7 36. Nf1 Bxa4 37. Ne3 Bd7 38. Bg2 Be6 39. g5 Kd7 40. Bd4 b6 41. Bf3 Nd6 42. Ng4 Ndf5 43. Ne5+ Kd6 44. g6 Nxd4 45. cxd4 b5 46. Kf1 b4 47. Ke1 a5 48. Kd2 a4 49. Kc1 a3 50. Kd2 Nf5 51. Bg4 Nxd4 52. g7 Bg8 53. Ng6 b3 54. cxb3 Nxb3+ 0-1

[Event "POL-ch U18"]
[Site "Chotowa"]
[Date "2009.03.31"]
[Round "5"]
[White "Pilarski, Dawid"]
[Black "Szybka, Andrzej"]
[Result "0-1"]
[WhiteElo "1828"]
[BlackElo "1935"]
[PlyCount "69"]
[EventDate "2009.03.28"]
[EventType "swiss"]
[EventRounds "11"]
[EventCountry "POL"]
[SourceTitle "EXT 2011"]
[Source "ChessBase"]
[SourceDate "2010.11.26"]
[SourceVersion "1"]
[SourceVersionDate "2010.11.26"]
[SourceQuality "1"]

1. e4 c5 2. Nc3 Nc6 3. d3 d6 4. g3 g6 5. Bg2 Bg7 6. Be3 Rb8 7. Nge2 b5 8. Qd2 Nd4 9. Nd1 b4 10. 0-0 e5 11. c3 bxc3 12. bxc3 Nxe2+ 13. Qxe2 Ne7 14. Nb2 Be6 15. c4 0-0 16. Na4 Qa5 17. Qc2 f5 18. Bd2 Qd8 19. Nc3 f4 20. f3 Nc6 21. Ne2 Nb4 22. Qc3 Qe7 23. a3 Nc6 24. Rab1 Bh3 25. g4 Rxb1 26. Rxb1 Bxg4 27. Rb5 Bh3 28. Qb2 Bxg2 29. Kxg2 Rc8 30. a4 g5 31. h3 h5 32. a5 g4 33. hxg4 hxg4 34. Ng1 Nd4 35. Rb7 0-1

[Event "Polanica Zdroj op-B 43rd"]
[Site "Polanica Zdroj"]
[Date "2007.08.24"]
[Round "7"]
[White "Szybka, Andrzej"]
[Black "Idczak, Rafal"]
[Result "1-0"]
[WhiteElo "1934"]
[BlackElo "1900"]
[PlyCount "101"]
[EventDate "2007.08.17"]
[EventType "swiss"]
[EventRounds "10"]
[EventCountry "POL"]
[SourceTitle "CBM 120 Extra"]
[Source "ChessBase"]
[SourceDate "2007.11.01"]
[SourceVersion "1"]
[SourceVersionDate "2007.11.01"]
[SourceQuality "1"]

1. e4 e6 2. d4 d5 3. Nc3 dxe4 4. Nxe4 Nd7 5. Nf3 Ngf6 6. Ng3 c5 7. dxc5 Bxc5 8. Bd3 0-0 9. 0-0 Qc7 10. Qe2 b6 11. Ne4 Bb7 12. Nxf6+ Nxf6 13. Bg5 Ng4 14. Be4 Bxe4 15. Qxe4 Nf6 16. Bxf6 gxf6 17. Rad1 Rad8 18. c3 Rxd1 19. Rxd1 Rd8 20. Qe2 Rxd1+ 21. Qxd1 Qf4 22. g3 Qc4 23. a3 b5 24. Kg2 Kg7 25. Qf1 Qb3 26. Qe2 a6 27. Ne1 Qd5+ 28. Qf3 Qd2 29. Nd3 Bb6 30. Qc6 Qxd3 31. Qxb6 Qd5+ 32. f3 Qd2+ 33. Qf2 Qd1 34. Kh3 Qb3 35. Qd2 a5 36. Kh4 a4 37. Kh5 Kf8 38. Kh6 Ke7 39. Kxh7 Qa2 40. Qd4 Qxb2 41. Qb4+ Qxb4 42. cxb4 f5 43. f4 Kf6 44. h4 e5 45. fxe5+ Kxe5 46. h5 f4 47. gxf4+ Kxf4 48. Kg7 f5 49. h6 Ke3 50. h7 f4 51. h8Q 1-0

[Event "Polanica Zdroj op-B 43rd"]
[Site "Polanica Zdroj"]
[Date "2007.08.20"]
[Round "4"]
[White "Krokay, Urszula"]
[Black "Szybka, Andrzej"]
[Result "1-0"]
[WhiteElo "1985"]
[BlackElo "1934"]
[PlyCount "77"]
[EventDate "2007.08.17"]
[EventType "swiss"]
[EventRounds "10"]
[EventCountry "POL"]
[SourceTitle "CBM 120 Extra"]
[Source "ChessBase"]
[SourceDate "2007.11.01"]
[SourceVersion "1"]
[SourceVersionDate "2007.11.01"]
[SourceQuality "1"]

1. e4 c5 2. Nc3 Nc6 3. g3 g6 4. Bg2 Bg7 5. f4 d6 6. Nf3 Rb8 7. a4 Nd4 8. Nd5 e6 9. Ne3 Ne7 10. d3 0-0 11. 0-0 a6 12. Ne1 b5 13. axb5 axb5 14. c3 Ndc6 15. Nf3 Qb6 16. Qc2 Bd7 17. Bd2 d5 18. e5 Rfc8 19. Ng4 Nf5 20. Nf6+ Bxf6 21. exf6 h5 22. Ne5 Qd8 23. Qd1 Be8 24. g4 hxg4 25. Nxg4 d4 26. Qf3 Na5 27. Qh3 Nb7 28. Be4 Nbd6 29. Ra6 Bd7 30. Rxd6 Nxd6 31. Nh6+ Kf8 32. Nf5 Qxf6 33. Nxd6 Rc7 34. Bg2 Kg7 35. Qg3 Bc6 36. Ne4 Bxe4 37. Bxe4 Rcc8 38. f5 exf5 39. Bf4 1-0

[Event "POL-chT U19 2nd League"]
[Site "Lublin"]
[Date "2007.07.10"]
[Round "5"]
[White "Kowalczyk, Sabina"]
[Black "Szybka, Andrzej"]
[Result "0-1"]
[WhiteElo "1660"]
[BlackElo "1934"]
[PlyCount "68"]
[EventDate "2007.07.07"]
[EventType "team-swiss"]
[EventRounds "11"]
[EventCountry "POL"]
[SourceTitle "EXT 2010"]
[Source "ChessBase"]
[SourceDate "2010.11.25"]
[SourceVersion "1"]
[SourceVersionDate "2010.11.25"]
[SourceQuality "1"]
[WhiteTeam "Makowiec PUKS U19"]
[BlackTeam "Ligota Dolna LZS Pat U19"]
[WhiteTeamCountry "POL"]
[BlackTeamCountry "POL"]

1. e4 e6 2. d4 d5 3. Nc3 Bb4 4. e5 c5 5. a3 Bxc3+ 6. bxc3 Qc7 7. Bd2 Nc6 8. Nf3 Nge7 9. Bd3 Bd7 10. 0-0 c4 11. Be2 h6 12. a4 Qa5 13. Qb1 0-0-0 14. Qb2 Kb8 15. Rfb1 Qc7 16. a5 Nc8 17. Bc1 a6 18. Qa2 N8a7 19. Ba3 Nb5 20. Bb4 Ka8 21. Nd2 Bc8 22. Re1 Rdg8 23. Qb1 f5 24. Qd1 g5 25. Bh5 Qg7 26. Be2 h5 27. Bf1 f4 28. Qf3 Ne7 29. Bxe7 Qxe7 30. Kh1 Rf8 31. Qe2 Nxc3 32. Qf3 Nb5 33. Qd1 g4 34. Rc1 Nc3 0-1